| 000 | 00990nam a22002417a 4500 | ||
|---|---|---|---|
| 008 | 240702b mp ||||| |||| 00| 0 mon d | ||
| 035 | _a17857 | ||
| 040 |
_aSU1322070 _bmon _cMN-UlNLM _dMN-UlNLM _erda |
||
| 041 | _amon | ||
| 042 | _a45169 | ||
| 084 |
_2NNA _a84.8(7АНУ) _bК.414 |
||
| 100 | _aКинни Ж. | ||
| 245 | 0 | _aДүрсгүй жаалын өдрийн тэмдэглэл 3:Родрикийн дүрэм | |
| 264 |
_aУлаанбаатар _bЦэнхэр гүзээлзгэнэ _c2018 |
||
| 300 | _a230х. | ||
| 336 |
_2rdacontent _atext _btxt |
||
| 337 |
_2rdamedia _aunmediated _bn |
||
| 338 |
_2rdacarrier _avolume _bnc |
||
| 490 |
_aDIARY of a Wimpy Kid _v3 |
||
| 650 | _aНью Йорк Таймсын #1 бестселлэр бүтээл болох "Дүрсгүй жаалын өдрийн тэмдэглэл" номыг USA Today сэтгүүлд ийнхүү сайшаасан байна. "... | ||
| 942 |
_2NNA _cBK |
||
| 999 |
_c1074923 _d1074980 |
||